Will the Identified Improvements of Auditor's Report Meet the Requirements of Users and Provide Them with the Value, i.e. Benefit That They Seek?

Gespeichert in:
Bibliographische Detailangaben
1. Verfasser: Kareš, Ladislav
Weitere Verfasser: Kršíková, Veronika, 1986-, Rybka, Lukáš
Format: Buchkapitel
Sprache:Englisch
Tags: Tag hinzufügen
Keine Tags, Fügen Sie das erste Tag hinzu!

MARC

LEADER 00000naa a2200000 4500
001 0167775
005 20240502083410.0
041 0 |a eng 
044 |a RS 
245 1 0 |a Will the Identified Improvements of Auditor's Report Meet the Requirements of Users and Provide Them with the Value, i.e. Benefit That They Seek?  |c Ladislav Kareš, Veronika Kršíková, Lukáš Rybka 
100 1 |a Kareš, Ladislav 
700 1 |a Kršíková, Veronika, 1986- 
700 1 |a Rybka, Lukáš